St. Paul's epistle to the Ephesians: (Record no. 5821)

000 -LEADER
fixed length control field 00586nam a2200181 a 4500
001 - CONTROL NUMBER
control field :::00003563$&:&@@
003 - CONTROL NUMBER IDENTIFIER
control field OkBaRHE
005 - DATE AND TIME OF LATEST TRANSACTION
control field 20000607103307.0
008 - FIXED-LENGTH DATA ELEMENTS--GENERAL INFORMATION
fixed length control field s1898 j 000 0 eng u
040 ## - CATALOGING SOURCE
Transcribing agency
100 1# - MAIN ENTRY--PERSONAL NAME
Personal name Gore, Charles.
245 10 - TITLE STATEMENT
Title St. Paul's epistle to the Ephesians:
Remainder of title a practical exposition.
260 ## - PUBLICATION, DISTRIBUTION, ETC. (IMPRINT)
Place of publication, distribution, etc London, UK:EN., :
Name of publisher, distributor, etc John Murray
Date of publication, distribution, etc 1898
300 ## - PHYSICAL DESCRIPTION
Extent 278 p. ;
Dimensions 20 cm.
650 ## - SUBJECT ADDED ENTRY--TOPICAL TERM
Topical term or geographic name as entry element Bible New Testament Ephesians
General subdivision Commentaries
942 ## - ADDED ENTRY ELEMENTS (KOHA)
Source of classification or shelving scheme
Koha item type Books
Copies
Withdrawn status Not for loan Source of classification or shelving scheme Lost status Price effective from Full call number Date acquired Shelving location Damaged status Date last seen Copy number Koha item type Permanent Location Barcode
    2010-04-14BS 2695 .G622010-04-14General Stacks 2018-04-031BooksRHEMA Bible Training College3563